Impacto del sector privado en la economía dominicana. / (Registro nro. 15049)

Detalles MARC
000 -LIDER
fixed length control field 01130nam a2200289 a 4500
001 - NÚMERO DE CONTROL
Identificador de número de control 000014305
003 - IDENTIFICACDOR DE NÚMERO DE CONTROL
control field DO-SdBPM
005 - DATE AND TIME OF LATEST TRANSACTION
control field 20250513135828.0
007 - CAMPOS FIJOS DE DESCRIPCIÓN FÍSICA
fixed length control field 000014305
008 - ELEMENTOS DE LONGITUD FIJA
fixed length control field 091209s1990 dr d 000 0 spa d
040 ## - FUENTE DE CATALOGACIÓN
Agencia que crea de manera original el registro DO-SdBPM
Idioma de catalogación spa
Agencia que realiza la transcripción BPMSU
Convenciones de la despripción rda
082 #4 - NÚMERO DE CLASIFICACIÓN DECIMAL DE DEWEY
Classification number 330.97293
Item number D238i 1990
Edition number 22
100 1# - ASIENTO PRINCIPAL -- NOMBRE PERSONAL
Nombre personal Dauhajre, Andrés
245 10 - MENCIÓN DE TITULO
Título Impacto del sector privado en la economía dominicana. /
Mención de responsabilidad estudio realizado por Andrés Dauhajre hijo, y José Alfredo Guerrero ; prólogo Guillermo Amore; presentación por José Báez Guerrero
250 ## - MENCIÓN DE EDICION
Mención de edición 2a. ed.
260 ## - PUBLICACIÓN, DISTRIBUCIÓN, ETC. (PIE DE IMPRENTA)
Lugar de publicación, distribución, etc Santo Domingo :
Nombre del editor, distribuidor, etc. Fundación Economía y Desarrollo;
Fecha de publicación, distribución, etc 1990
Nombre del editor, distribuidor, etc.
300 ## - DESCRIPCIÓN FÍSICA
Extensión 264 p. :
Otros detalles físicos gráf. ;
Dimensiones 23 cm.
590 ## - NOTA LOCAL
Enlace Inventariado, 2025/VM
651 #4 - ENCABEZAMIENTO DE MATERIA--NOMBRE GEOGRÁFICO
Nombre geográfico República Dominicana
Subdivisión temática general Condiciones económica
651 #4 - ENCABEZAMIENTO DE MATERIA--NOMBRE GEOGRÁFICO
Nombre geográfico República Dominicana
Subdivisión temática general Política económica
700 1# - ASIENTO SECUNDARIO -- NOMBRE PERSONAL
Nombre personal Guerrero, José Alfredo
Mención de responsabilidad autor
700 1# - ASIENTO SECUNDARIO -- NOMBRE PERSONAL
Nombre personal Amore, Guillermo
Mención de responsabilidad prólogo
700 1# - ASIENTO SECUNDARIO -- NOMBRE PERSONAL
Nombre personal Guerrero, José Báez
Mención de responsabilidad presentación
710 2# - ASIENTO SECUNDARIO -- NOMBRE CORPORATIVO
Nombre corporativo o de jurisdicción República Dominicana
Unidad subordinada Fundación Economía y Desarrollo
910 ## - VALIDACIÓN
Validación VMateo V. Control de calidad. BPMSU
942 ## - ADDED ENTRY ELEMENTS (KOHA)
Source of classification or shelving scheme Dewey Decimal Classification
Koha item type Libros
Existencias
Withdrawn status Lost status Source of classification or shelving scheme Damaged status Not for loan Collection code Home library Current library Date acquired Total Checkouts Full call number Barcode Date last seen Price effective from Koha item type
    Dewey Decimal Classification     Colección Dominicana Biblioteca Pública Metropolitana Salomé Ureña Biblioteca Pública Metropolitana Salomé Ureña 05/13/2025   BPMSU CD 330.97293 D238i 1990 BPMSU25050022 05/13/2025 05/13/2025 Libros